Service management : (Record no. 192043)

MARC details
000 -LEADER
fixed length control field 00902nam a22002537a 4500
005 - DATE AND TIME OF LATEST TRANSACTION
control field 20220909121828.0
010 ## - LCCN (DPL NO)
LC control number B-745494
020 ## - INTERNATIONAL STANDARD BOOK NUMBER
International Standard Book Number 9780070615663
Terms of availability 799.00
035 ## - SYSTEM CONTROL NUMBER
System control number B-745494
037 ## - SOURCE OF ACQUISITION
Source of stock number/acquisition Tata McGraw-Hill
082 ## - DEWEY DECIMAL CLASSIFICATION NUMBER
Classification number 658
100 ## - MAIN ENTRY--PERSONAL NAME
Personal name Fitzsimmons, James A.
245 ## - TITLE STATEMENT
Title Service management :
Remainder of title operations, strategy, information technology /
Statement of responsibility, etc by James A. Fitzsimmons and Mona J. Fitzsimmons
250 ## - EDITION STATEMENT
Edition statement 5th
260 ## - PUBLICATION, DISTRIBUTION, ETC. (IMPRINT)
Place of publication, distribution, etc New Delhi
Name of publisher, distributor, etc McGraw Hill Education
Date of publication, distribution, etc 2006
270 ## - ADDRESS
Address P-24, Green Park Extn.
City New Delhi
Postal code 110016
300 ## - PHYSICAL DESCRIPTION
Extent xiv,605p.
Dimensions 28cm(pbk)
490 ## - SERIES STATEMENT
Series statement The McGraw -Hill/Irwin series operations and decision sciences
500 ## - GENERAL NOTE
General note Includes index
650 ## - SUBJECT ADDED ENTRY--TOPICAL TERM
Topical term or geographic name as entry element Service industries
General subdivision Management
700 ## - ADDED ENTRY--PERSONAL NAME
Personal name Fitzsimmons, Mona J.
942 ## - ADDED ENTRY ELEMENTS (KOHA)
Source of classification or shelving scheme Dewey Decimal Classification
Item type English Books
Call number suffix FIT
Classification part 658
Holdings
Withdrawn status Lost status Not for loan Collection code Home library Current library Date acquired Source of acquisition Cost, normal purchase price Full call number Barcode Copy number Cost, replacement price Koha item type Public note
      Non-fiction Kadipur Kadipur 09/09/2022 05.09.22/ Gift 799.00 658 FIT B-745494 1 799.00 English Books Gift

© Delhi Public Library
Hit Counter
free hit counter